Best NBA Teams ever - Statistics

General Stats
  • This quiz has been taken 22 times
  • The average score is 14 of 20
Answer Stats
Hint Answer % Correct
1995-96 Chicago Bulls
100%
2015-16 Golden State Warriors
100%
1971-72 Los Angeles Lakers
95%
1964-65 Boston Celtics
81%
1996-97 Chicago Bulls
81%
1991-92 Chicago Bulls
81%
2000-01 Los Angeles Lakers
81%
1985-86 Boston Celtics
76%
2016-17 Golden State Warriors
76%
2012-13 Miami Heat
71%
2002-03 San Antonio Spurs
71%
2013-14 San Antonio Spurs
71%
2007-08 Boston Celtics
67%
1988-89 Detroit Pistons
67%
1970-71 Milwaukee Bucks
67%
1972-73 New York Knicks
52%
1982-83 Philadelphia 76ers
48%
1966-67 Philadelphia 76ers
48%
1969-70 New York Knicks
33%
2001-02 Los Angles Lakers
0%
No matching quizzes found
Score Distribution
Percent of People with Each Score
Percentile by Number Answered
Your Score History
You have not taken this quiz